| 000 | 00731nam a2200253 a 4500 | ||
|---|---|---|---|
| 008 | |||
| 020 | _a0471104264 (pbk.) | ||
| 049 | _aMAIN | ||
| 090 | _aQA76.7GHE | ||
| 100 | 1 | _aGhezzi, Carlo. | |
| 245 | 1 | 0 |
_aProgramming language concepts / _cCarlo Ghezzi, Mehdi Jazayeri. |
| 250 | _a3rd ed. | ||
| 260 |
_aNew York : _bWiley, _cc1998. |
||
| 300 |
_axix, 427 p. ; _c24 cm. |
||
| 500 | _aIncludes index. | ||
| 504 | _aIncludes bibliographical references. | ||
| 650 | 0 | _aProgramming languages (Electronic computers) | |
| 700 | 1 | _aJazayeri, Mehdi. | |
| 907 |
_a.b10056968 _b07-08-06 _c17-04-03 |
||
| 003 | |||
| 005 | 20230123133232.0 | ||
| 040 | _cNUST | ||
| 942 |
_cBOOKS _kQA76.7GHE |
||
| 999 |
_c145094 _d145094 |
||